ბათუმის შოთა რუსთაველის სახელმწიფო უნივერსიტეტის ბიბლიოთეკა

სასიყვარულო ბარათები : (ბიბ.ჩანაწერი № 54888)

000 -ლიდერი
ფიქსირებული სიგრძის საკონტროლო ველი 02275nam a2200301Ia 4500
001 - საკონტროლო ნომერი
საკონტროლო ველი 21957
003 - საკონტროლო ნომრის იდენტიფიკატორი
საკონტროლო ველი GE_BSU
005 - ბოლო ოპერაციის თარიღი და დრო
საკონტროლო ველი 20220913113916.0
008 - ფიქსირებული სიგრძის მონაცემთა ელემენტები - ზოგადი ინფორმაცია
ფიქსირებული სიგრძის საკონტროლო ველი 181216s ||||ge |||||||||||||| ||geo||
040 ## - კატალოგიზაციის წყარო
Transcribing agency GE_BSU
041 ## - ენის კოდი
Language code of text/sound track or separate title geo
080 ## - უნივერსალური ათობითი კლასიფიკაციის ინდექსი
Universal Decimal Classification number 821.353.1-6 ს-30
245 ## - ცნობა სათაურის შესახებ
Title სასიყვარულო ბარათები :
Remainder of title ალბომი მომზადდა საგამოფენო პროექტის -"სასიყვარულო ბარათები"-მიხედვით /
Statement of responsibility, etc პროექტის დირექტორი ბუბა კუდავა ; პროექტის ავტ.: თამარ გეგია, ლელა ქურდაძე ; სამუშაო ჯგუფი : მაია გარუჩავა [და სხვ.].
264 ## - წარმოების, გამოცემის, დისტრიბუციის და სხვა ცნობები
გამოცემის, წარმოების, დისტრიბუციის... ადგილი თბილისი :
გამოცემის, წარმოების, დისტრიბუციის... სახელწოდება ხელნაწერთა ეროვნული ცენტრი,
გამოცემის, წარმოების, დისტრიბუციის... თარიღი 2009.
300 ## - ფიზიკური აღწერა
Extent 48გვ. :
Other physical details ფოტ. ;
Dimensions 15სმ.
500 ## - ზოგადი შენიშვნა
General note საგამოფენო პროექტი განახორციელდა თიბის ბანკის მხარდაჭერით
520 ## - SUMMARY, ETC.
Summary, etc საგამოფენო პროექტი განახორციელდა თიბის ბანკის მხარდაჭერით
653 ## - INDEX TERM--UNCONTROLLED
Uncontrolled term XVIII-XIX საუკუნეების ეპისტოლეები
653 ## - INDEX TERM--UNCONTROLLED
Uncontrolled term ილია ჭავჭავაძე-ოლღა გურამიშვილი
653 ## - INDEX TERM--UNCONTROLLED
Uncontrolled term დიმიტრი ხოშტარია-ანასტასია ერისთავი-ხოშტარია
653 ## - INDEX TERM--UNCONTROLLED
Uncontrolled term ივანე ჯავახიშვილი-ანასტასია ჯამბაკურ-ორბელიანი
653 ## - INDEX TERM--UNCONTROLLED
Uncontrolled term კონსტანტინე გამსახურდია-რებეკა ვაშაძე
653 ## - INDEX TERM--UNCONTROLLED
Uncontrolled term დიმიტრი შევარდნაძე-ქეთევან მაღალაშვილი
653 ## - INDEX TERM--UNCONTROLLED
Uncontrolled term სასიყვარულო ბარათები
653 ## - INDEX TERM--UNCONTROLLED
Uncontrolled term ქართული ლიტერატურა
942 ## - ADDED ENTRY ELEMENTS (KOHA)
Koha item type წიგნი
Source of classification or shelving scheme
ეგზემპლარები
ჩამოწერის სტატუსი დაკარგული ეგზემპლარის სტატუსი კლასიფიკაციის წყარო ან თაროზე გაწყობის სქემა დაზიანების სტატუსი არ გაიცემა მუდმივი მდებარეობა (დაცვის ადგილი) ამჟამინდელი ადგილსამყოფელი თაროზე განთავსების ადგილი შეძენის თარიღი ღირებულება, შესყიდვის ნორმალური ფასი სრული შენახვის შიფრი შტრიხკოდი ბოლო ოპერაციის თარიღი ეგზემპლარის მიმდევრობითი ნომერი (კეტერი?) ფასის ძალაში შესვლის თარიღი ეგზემპლარის სახეობა საჯარო შენიშვნა
          ბათუმის შოთა რუსთაველის სახელმწიფო უნივერსიტეტის მთავარი ბიბლიოთეკა ბათუმის შოთა რუსთაველის სახელმწიფო უნივერსიტეტის მთავარი ბიბლიოთეკა წიგნსაცავი 2018-12-17 4.00 821.353.1-6 ს-30 56683 2018-12-17 56683 2018-12-17 წიგნი 4.00 ₾.